| 000 | 00893nam0a22002651 4500 | ||
|---|---|---|---|
| 001 | rc\2557648 | ||
| 005 | 20110914162132.9 | ||
| 035 | _a(NLR Aleph) 006722583 | ||
| 090 |
_a5459289 _c5459289 |
||
| 100 | _a20110914d1927 |||y0rusy50 ca | ||
| 101 | 0 | _arus | |
| 102 | _aRU | ||
| 105 | _ay z ||||| | ||
| 200 | 1 |
_aО работницах и крестьянках _e[Сборник статей] _fС предисл. Н. К. Крупской _gОтд. работниц ЦК РКП(б) |
|
| 205 | _a2-е изд. | ||
| 210 |
_aМосква _aЛенинград _cГос. изд-во _d1927 |
||
| 215 |
_a32 с. _d16 см. |
||
| 300 | _aНапеч. в Москве | ||
| 700 | 1 |
_aЛенин _bВ. И. _gВладимир Ильич |
|
| 702 | 1 |
_aКрупская _bН. К. _4080 |
|
| 801 | 0 |
_aRU _bNLR _gpsbo |
|
| 801 | 1 |
_aRU _bELAR _2rusmarc |
|
| 852 |
_aNLR _jЛ 1-Сб/169-4 |
||
| 942 | _cBOOK | ||
| 980 | _aNB | ||